000 00765cam a2200253 a 4500
001 000019741
005 20200929170125.0
008 810915s1965 sp 001 i spa d
035 _a(DLC) 41010290
040 _aDO-SdBNP
_cCarP
_dDLC
_dBNPHU
082 _a866.5
_bB456c, 1965
100 1 _aBenavente, Jacinto,
_d1866-1954
_95362
245 1 0 _aCartas de mujeres /
_cJacinto Benavente.
250 _a9a ed.
260 _aMadrid :
_bEspasa-Calpe,
_c1965.
300 _a143 p. ;
_c18 cm.
490 1 _aAustral. Violeta: teatro y poesía
_v94
650 4 _aCartas españolas
_99744
650 4 _aLiteratura española
_9632
830 0 _aAustral.
_pVioleta: teatro y poesía;
_v94
_939559
910 _aCatalogación derivada / LC
910 _aWM
049 _aBNGR
999 _c19255
_d19255